<?xml version="1.0" encoding="UTF-8"?><?xml-stylesheet type="text/xsl" href="static/style.xsl"?><OAI-PMH xmlns="http://www.openarchives.org/OAI/2.0/" xmlns:xsi="http://www.w3.org/2001/XMLSchema-instance" xsi:schemaLocation="http://www.openarchives.org/OAI/2.0/ http://www.openarchives.org/OAI/2.0/OAI-PMH.xsd"><responseDate>2026-04-17T20:11:25Z</responseDate><request verb="GetRecord" identifier="oai:www.recercat.cat:2445/117306" metadataPrefix="marc">https://recercat.cat/oai/request</request><GetRecord><record><header><identifier>oai:recercat.cat:2445/117306</identifier><datestamp>2025-12-05T10:26:05Z</datestamp><setSpec>com_2072_1057</setSpec><setSpec>col_2072_478917</setSpec><setSpec>col_2072_478927</setSpec></header><metadata><record xmlns="http://www.loc.gov/MARC21/slim" xmlns:dcterms="http://purl.org/dc/terms/" xmlns:xsi="http://www.w3.org/2001/XMLSchema-instance" xmlns:doc="http://www.lyncode.com/xoai" xsi:schemaLocation="http://www.loc.gov/MARC21/slim http://www.loc.gov/standards/marcxml/schema/MARC21slim.xsd">
   <leader>00925njm 22002777a 4500</leader>
   <datafield ind2=" " ind1=" " tag="042">
      <subfield code="a">dc</subfield>
   </datafield>
   <datafield ind2=" " ind1=" " tag="720">
      <subfield code="a">Quesada Gómez, Carmen</subfield>
      <subfield code="e">author</subfield>
   </datafield>
   <datafield ind2=" " ind1=" " tag="720">
      <subfield code="a">Valmaseda Castellón, Eduardo</subfield>
      <subfield code="e">author</subfield>
   </datafield>
   <datafield ind2=" " ind1=" " tag="720">
      <subfield code="a">Berini Aytés, Leonardo</subfield>
      <subfield code="e">author</subfield>
   </datafield>
   <datafield ind2=" " ind1=" " tag="720">
      <subfield code="a">Gay Escoda, Cosme</subfield>
      <subfield code="e">author</subfield>
   </datafield>
   <datafield ind2=" " ind1=" " tag="260">
      <subfield code="c">2017-11-02T08:59:28Z</subfield>
   </datafield>
   <datafield ind2=" " ind1=" " tag="260">
      <subfield code="c">2017-11-02T08:59:28Z</subfield>
   </datafield>
   <datafield ind2=" " ind1=" " tag="260">
      <subfield code="c">2006</subfield>
   </datafield>
   <datafield ind2=" " ind1=" " tag="260">
      <subfield code="c">2017-11-02T08:59:28Z</subfield>
   </datafield>
   <datafield ind2=" " ind1=" " tag="520">
      <subfield code="a">Podeu consultar la versió en anglès a: http://hdl.handle.net/2445/48487</subfield>
   </datafield>
   <datafield ind2=" " ind1=" " tag="520">
      <subfield code="a">Objectivo: Describir las características clínicas y radiológicas de pacientes con cavidad de Stafne. Diseño del estudio: Estudio retrospectivo observacional de 11 casos de cavidad de Stafne. Tras hallar en la ortopantomografía de 11 pacientes una imagen compatible con cavidad de Stafne, se solicitaron sialografía de la glándula submaxilar en 3 casos, tomografía computadorizada (TC) en 6 pacientes y se realizó una intervención quirúrgica en 4 casos para obtener un diagnóstico de certeza. Resultados: La edad media fue de 51.5 años y el sexo masculino fue predominante. Esta entidad fue diagnosticada siempre de forma casual tras una exploración radiológica de rutina. Las sialografías permitieron observar tejido glandular dentro del defecto y con la TC se visualizó la conservación de la cortical lingual y el origen periférico de la lesión. Dos pacientes intervenidos quirúrgicamente tenían tejido glandular en el interior de la lesión y 2 tenían la cavidad vacía. No se observaron cambios evolutivos en ninguno de los 11 casos. Conclusiones: La cavidad de Stafne fue un hallazgo radiológico casual que no presentó cambios evolutivos estando así indicada una opción terapéutica conservadora basada en controles periódicos. Actualmente, las pruebas complementarias como la TC son suficientes para establecer un diagnóstico de certeza.</subfield>
   </datafield>
   <datafield tag="653" ind2=" " ind1=" ">
      <subfield code="a">Quistos</subfield>
   </datafield>
   <datafield tag="653" ind2=" " ind1=" ">
      <subfield code="a">Maxil·lars</subfield>
   </datafield>
   <datafield tag="653" ind2=" " ind1=" ">
      <subfield code="a">Cirurgia oral</subfield>
   </datafield>
   <datafield tag="653" ind2=" " ind1=" ">
      <subfield code="a">Estudi de casos</subfield>
   </datafield>
   <datafield tag="653" ind2=" " ind1=" ">
      <subfield code="a">Cysts (Pathology)</subfield>
   </datafield>
   <datafield tag="653" ind2=" " ind1=" ">
      <subfield code="a">Jaws</subfield>
   </datafield>
   <datafield tag="653" ind2=" " ind1=" ">
      <subfield code="a">Oral surgery</subfield>
   </datafield>
   <datafield tag="653" ind2=" " ind1=" ">
      <subfield code="a">Case studies</subfield>
   </datafield>
   <datafield ind2="0" ind1="0" tag="245">
      <subfield code="a">Cavidad de Stafne: Estudio retrospectivo de 11 casos</subfield>
   </datafield>
</record></metadata></record></GetRecord></OAI-PMH>